The electronic maid (Record no. 96360)

MARC details
000 -LEADER
fixed length control field 00796nam a2200277 i 4500
001 - CONTROL NUMBER
control field C2-0291172
003 - CONTROL NUMBER IDENTIFIER
control field PPAK
005 - DATE AND TIME OF LATEST TRANSACTION
control field 20180728023523.0
008 - FIXED-LENGTH DATA ELEMENTS--GENERAL INFORMATION
fixed length control field 081013s2008 my a|||| ||||| | eng d
020 ## - INTERNATIONAL STANDARD BOOK NUMBER
International Standard Book Number 9789838324137
040 ## - CATALOGING SOURCE
Original cataloging agency PPAK
Language of cataloging eng
Transcribing agency PPAK
Description conventions rda
082 04 - DEWEY DECIMAL CLASSIFICATION NUMBER
Classification number 428.6
Edition number 23
090 00 - LOCALLY ASSIGNED LC-TYPE CALL NUMBER (OCLC); LOCAL CALL NUMBER (RLIN)
Classification number (OCLC) (R) ; Classification number, CALL (RLIN) (NR) 428.6
Feature heading KUM
Feature heading K
100 0# - MAIN ENTRY--PERSONAL NAME
Personal name Kumara Velu,
Relator term author
245 14 - TITLE STATEMENT
Title The electronic maid
264 #1 - PRODUCTION, PUBLICATION, DISTRIBUTION, MANUFACTURE, AND COPYRIGHT NOTICE
Place of production, publication, distribution, manufacture Kuala Lumpur :
Name of producer, publisher, distributor, manufacturer Pustaka Printis ,
Date of production, publication, distribution, manufacture, or copyright notice 2008
300 ## - PHYSICAL DESCRIPTION
Extent 46 pages :
Other physical details illustrations ;
Dimensions 19 cm
336 ## - CONTENT TYPE
Source rdacontent
Content type term text
337 ## - MEDIA TYPE
Source rdamedia
Media type term unmediated
338 ## - CARRIER TYPE
Source rdacarrier
Carrier type term volume
490 1# - SERIES STATEMENT
Series statement Mission science fiction series
500 ## - GENERAL NOTE
General note Includes questions ; Includes glossary
650 10 - SUBJECT ADDED ENTRY--TOPICAL TERM
Topical term or geographic name entry element Readers - Fiction.
830 #0 - SERIES ADDED ENTRY--UNIFORM TITLE
Uniform title Mission science fiction series
942 ## - ADDED ENTRY ELEMENTS (KOHA)
-- dc
Koha item type Book
Holdings
Withdrawn Not for loan Current library Shelving location Date acquired Full call number Barcode Date last seen Koha item type
    PD04, Kg. Bukit Nambua, Kuala Nerang Pinjaman Kanak-kanak 14/03/2017 K 428.6 KUM A00730772 09/05/2018 Book
    PD24, Felda Bukit Tangga, Bukit Kayu Hitam Pinjaman Kanak-kanak 17/11/2015 K 428.6 KUM A00118924 09/05/2018 Book
    PD25, KEDA Batu 13, Pokok Sena Pinjaman Kanak-kanak 21/07/2014 K 428.6 KUM A00870396 09/05/2018 Book
    PD39, Felda Bukit Tembaga, Kuala Nerang Pinjaman Kanak-kanak 16/07/2014 K 428.6 KUM A00870238 09/05/2018 Book